000 00615nam a2200229Ia 4500
003 OSt
005 20221007081458.0
006 a|||||r|||| 00| 0
007 ta
008 221006b |||||||| |||| 00| 0 eng d
024 _a19,309
037 _cTextual
040 _aFLL
_cFLL
_beng
041 _2eng
_aeng
082 _aZ:91z7, J6
100 _aFitch R.E. Au.
_9697370
245 0 _aReligion morality and law
260 _aNew York
_bSouthern methodist university press U.S.A.
_c1956
300 _a109p
_ccm.
942 _hZ:91z7, J6
_cTEXL
_2CC
999 _c1163176
_d1163176